000 00348pam a2200157a 44500
008 230515b1998 xxu||||| |||| 00| 0 eng d
020 _aNULL
041 _aENGLISH
082 _aNULL
100 _aWRIGHT.G.
245 _aHILL STATIONS OF INDIA
250 _a1
260 _aLONDON
_bPENGUIN BOOKS LTD
_c1998
300 _a143
650 _aNULL
999 _c478110
_d478110